Jerry Stiller Shows Quiz Stats

 Plays Quiz not verified by Sporcle

Score 0/14 Timer 06:00
0 Plays Today
TV Show % Correct
The King of Queens
100%
Seinfeld
92.3%
The Love Boat
34.6%
Fish Hooks
11.5%
Archie Bunker's Place
7.7%
Love, American Style
3.8%
Studio One in Hollywood
0%
TV Show % Correct
Linus! The Lion Hearted
0%
The Courtship of Eddie's Father
0%
The Paul Lynde Show
0%
Joe and Sons
0%
Tattingers
0%
The Eddie Files
0%
Law & Order
0%

You're not logged in!

Compare scores with friends on all Sporcle quizzes.
OR
Log In

You Might Also Like...

Show Comments

Extras

Created Sep 22, 2011ReportNominate
Tags:Show Quiz, jerry, stiller

Top Quizzes Today


Score Distribution

Your Account Isn't Verified!

In order to create a playlist on Sporcle, you need to verify the email address you used during registration. Go to your Sporcle Settings to finish the process.

Report this User

Report this user for behavior that violates our Community Guidelines.

Details: